000 00341nam a22001457a 4500
008 221010b ||||| |||| 00| 0 eng d
020 _a0803611943
041 _aeng
080 _2SECOND EDITION
_a610.73
082 _a610.73 FAW
100 _a9
101 _aINF
245 _aCONTEMPORARY NURSING KNOWLEDGE
_cFAWCETT J
942 _2udc
_cBK
999 _c58426
_d58426